000 00294nam a22001097a 4500
999 _c2935
_d2935
005 20200925115815.0
008 200925b ||||| |||| 00| 0 eng d
040 _cCML
245 _aThe Bridge of San Luis Rey.
_cWilder, T.
260 _aMiddlesex
_bPenguin Book Ltd.
_c1927
942 _2ddc
_cBK
_kF
_mWIL